000 01312nam a22002775i 4500
001 166997
003 ES-MaACL
005 20250824202956.0
008 990923s1892 sp |||| | spa d
040 _aCCPB | B
_bspa
_cCCPB | B
080 _a355(8=134.2)"15"
080 _a913(7/8)(02)"15"
100 1 _aVargas Machuca, Bernardo de,
_dca. 1555-1622
_9133555
245 1 0 _aMilicia y descripción de las Indias /
_cescrita por el capitán Bernardo de Vargas Machuca.
260 _aMadrid :
_bLibrería de Victoriano Suarez,
_c1892.
300 _a2 v. (XIV, 270; 255 p.) ;
_c18 cm.
490 1 _aColección de libros raros ó curiosos que tratan de América ;
_v8 ; 9
510 3 _aReimp. fielmente según la 1ª ed. hecha en Madrid en 1599
530 _aDisponible también en sitio web.
650 4 _aArte y ciencia militar-
_zAmérica española.
_9153628
651 _aAmérica española-
_xDescripción-
_vObras anteriores a 1800.
_9172691
830 0 0 _aColección de libros raros o curiosos que tratan de América
_v8 ; 9
_9188448
852 _aES-MaACL
_jR-2960-79
_z-- Enc. pasta española
_x-- Olim: D-3069-79
856 _uhttp://bibliotecadigitalhispanica.bne.es:80/webclient/DeliveryManager?pid=2168994&custom_att_2=simple_viewer
_zIr a la página
999 _c166997
_d166997